00220 a2200097 450000100060000008200140000610000160002024500340003626000430007030000090011364378 a332.1 MEE aMeenai S A aMoney and Banking in Pakistan aKarachibOxford University Pressc1984 a308P